000 00287nam a2200121Ia 4500
008 190216s9999||||xx |||||||||||||| ||und||
100 _aBerger&Amp; Jordan
245 0 _aText Book Of Economics
260 _bCambridge Uty Press
_c1972
300 _a583p
650 _aCommerce
942 _cBK
999 _c8316
_d8316